00537pab a2200169 454500008003600000100002000036245004600056650001100102650001700113650001400130650003600144700001100180773003400191909001000225999001700235952011500252180718b xxu||||| |||| 00| 0 eng d aGupta, Narendra aHealth of women and children in Rajasthan a Women a Health Care a Children aHealth Care - India - Rajasthan aOthers aEconomic and political Weekly a23034 c23034d23034 00104070aIIPAbIIPAd2018-07-19hIssue no: 27(42) 17 Oct.92, p.2323-30pAR23103r2018-07-19w2018-07-19yAR